|
|
|
|
| LEADER |
01561nam a2200289 a 4500 |
| 001 |
29217 |
| 003 |
BD-DhAAL |
| 005 |
20190801155525.0 |
| 008 |
150507r20102001bg 000 1 ben |
| 999 |
|
|
|c 34369
|d 34369
|
| 020 |
|
|
|a 9841801701
|
| 020 |
|
|
|a 9789848797310
|
| 040 |
|
|
|a DB-DhAAL
|c DB-DhAAL
|
| 041 |
0 |
|
|a ben
|
| 082 |
0 |
0 |
|a 891.44371
|2 22
|
| 100 |
1 |
|
|a বন্দ্যোপাধ্যায়, বিভূতিভূষণ
|9 8827
|
| 245 |
1 |
0 |
|a চাঁদের পাহাড় /
|c বিভূতিভূষণ বন্দ্যোপাধ্যায়
|
| 246 |
|
|
|a Chander pahar (adventure novel for juveniles)
|
| 260 |
|
|
|a ঢাকা :
|b বিশ্বসাহিত্য কেন্দ্র,
|c ২০০১ [পুনর্মুদ্রণ ২০১০, ২০১৭].
|
| 300 |
|
|
|a ৯৫ পৃষ্ঠা,
|a ১১১ পৃষ্ঠা ;
|c ২২ সে.মি.
|
| 500 |
|
|
|a Novel.
|
| 541 |
|
|
|a Development Book Agency
|e 29217, 35028
|
| 651 |
|
0 |
|a Bangladesh
|x Fiction.
|9 6692
|
| 852 |
|
|
|a Ayesha Abed Library
|c General Stacks
|
| 942 |
|
|
|2 ddc
|c BK
|
| 952 |
|
|
|0 0
|1 0
|2 ddc
|4 0
|6 891_443710000000000_BAN
|7 0
|9 53666
|a BRACUL
|b BRACUL
|c GEN
|d 2015-05-07
|e BRAC Institute of Language (BIL)
|l 10
|m 72
|o 891.44371 BAN
|p 3010029217
|q 2026-05-19
|r 2026-05-06
|s 2026-05-06
|t 1
|w 2015-05-07
|y BK
|x Transferred from BIL to BRACUL on 06/06/22
|
| 952 |
|
|
|0 0
|1 0
|2 ddc
|4 0
|6 891_443710000000000_BAN
|7 0
|9 65879
|a BRACUL
|b BRACUL
|c GEN
|d 2019-07-24
|e Development Book Agency
|g 132.00
|l 13
|m 49
|o 891.44371 BAN
|p 3010035028
|r 2025-02-08
|s 2024-12-19
|t 2
|v 132.00
|w 2019-07-24
|y BK
|